000 00275nam a22001217a 4500
082 _a823
_bSHA/T
100 _aSHAKESPEARE, WILLIAM
245 _aTHREE SKAESPEARE TRAGEDIES
260 _aDELHI
_bMACMILLAN
_c1956
300 _a143
650 _aENGLISH STORY
_zINDIA
942 _cBK
999 _c7337
_d7337